Normal view
MARC view
- wall,Kate
Entry Personal Name
001 - CONTROL NUMBER
- control field: 20
003 - CONTROL NUMBER IDENTIFIER
- control field: JO-AjAnu
005 - DATE AND TIME OF LATEST TRANSACTION
- control field: 20230606070314.0
008 - FIXED-LENGTH DATA ELEMENTS
- fixed length control field: 230606|| aca||aabn | a|a d
040 ## - CATALOGING SOURCE
- Original cataloging agency: JO-AjAnu
- Transcribing agency: JO-AjAnu
100 ## - HEADING--PERSONAL NAME
- Personal name: wall,Kate
670 ## - SOURCE DATA FOUND
- Source citation: Work cat.: (JO-AjAnu)14: wall,Kate, author, Education and Care for Adolescents and Adults with Autism